世界のアソビ大全51のゲーム - Statistics

General Stats
  • This quiz has been taken 425 times
  • The average score is 26 of 51
Answer Stats
Hint Answer % Correct
「7」から続く数字をならべるトランプゲーム 7ならべ
86%
作法を重んじる日本伝統のボードゲーム 将棋
84%
覚えれば一生遊べる中国生まれのテーブルゲーム 麻雀
76%
世界中で競技人口が最も多いと言われるゲーム チェス
75%
どこまで21に近づけられるか運と度胸のカードゲーム ブラックジャック
72%
記憶力が勝利のカギとなる数字合わせ 神経衰弱
72%
ラケットでボールを打ち合うオモチャのテニス トイテニス
72%
世界的スポーツのサッカーをオモチャ化 トイサッカー
72%
季節の草花がえがかれた見た目も楽しいカードゲーム 花札
71%
逆転!逆転!大逆転で盛り上がるトランプゲーム 大富豪
71%
相手のコマをはさんでひっくり返す定番ボードゲーム リバーシ
70%
アフリカで生まれた世界最古の知育ゲーム マンカラ
69%
瞬間勝負のカードバトル スピード
69%
一球入魂!ねらえホームラン! トイベースボール
68%
小さな矢を投げて得点を競う繊細な射的ゲーム ダーツ
67%
ストライク!ダブル!ターキー!その次は… ボウリング
66%
サイコロを使ったポーカー遊び ヨット
64%
ならべて!たおして!…じゃない本来の遊び方 ドミノ
64%
交代でストーンを投げ合い点数を競うスポーツゲーム トイカーリング
64%
古代ギリシャからあった格闘スポーツ トイボクシング
64%
たこやきに見立てたカードを1~10まで焼き上げろ! たこやき
62%
最後の1枚になったら「ラストカード」! ラストカード
57%
マナーが大事な紳士のスポーツ ゴルフ
53%
のんびり遊べるヨーロッパの定番すごろく ルドー
51%
空気で浮かせたパックを打ち合う エアホッケー
51%
同じマークを出すとアウト!のドキドキ運だめし ぶたのしっぽ
50%
碁石を5つならべると勝ち 五目ならべ
49%
頭脳と技術を駆使するオトナのアソビ ビリヤード
47%
同じ色のボールを6つつなげる落ちものパズルゲーム 6ボールパズル
47%
カードの強さを競うシンプルな1対1の運勝負 戦争
46%
逃げるウサギと追いこむ猟犬の2人用戦略ゲーム ウサギと猟犬
45%
脳みそパニックの色当て推理ゲーム ヒット&ブロー
44%
チェスに次いで多くの人が遊んでいる西洋すごろく バックギャモン
43%
地形を生かしてスキをつく1vs1の戦車バトル VSタンク
43%
紙とペンで遊ぶ油断禁物の陣取り合戦 ドット&ボックス
36%
コマを落として4つならべたほうの勝ち コネクトフォー
36%
いきなりクライマックスのアレンジ将棋 5五将棋
35%
Joy-Conを使ってキャスティング! フィッシング
34%
六角形の石をつないで道をつくるゲーム ヘックス
32%
ナナメに跳びこえコマを取る南フランス生まれのゲーム チェッカー
31%
運と駆け引きのトランプゲーム テキサスポーカー
31%
マークと数字をそろえる1人遊びの決定版 スパイダー
30%
ならべてつないで協力バトル! 協力タンク
28%
焦らずすばやく狙い撃て!神出鬼没のシューティング 的あて
28%
連続ジャンプでゴールを目指す チャイニーズチェッカー
27%
同じ牌をペアにして消していく山崩しパズル 麻雀ソリティア
25%
数字とマークの組み合わせひまつぶしの代名詞 クロンダイク
23%
相手のピースを減らしていくボードゲーム ナインメンズモリス
19%
ビリヤードの原型!?インド生まれのおはじきゲーム キャロム
17%
アクセルだけの簡単操作でギリギリをせめろ! スロットカー
17%
パネルを動かし道を作る!1人用の頭脳ゲーム スライドパズル
15%
No matching quizzes found
Score Distribution
Percent of People with Each Score
Percentile by Number Answered
Your Score History
You have not taken this quiz